| 000 | 00675nam a2200181 a 4500 | ||
|---|---|---|---|
| 005 | 20240920063925.0 | ||
| 008 | 030623s1965 mx r 000 0 spa d | ||
| 035 | _aUPN01000126521 | ||
| 049 | _aSEP | ||
| 050 | 4 |
_aLC5255 M6 _bE37 |
|
| 245 | 0 | 0 |
_aEducación de adultos : _borientación y técnicas : trabajos de investigación auspiciados por el Consejo Superior de Enseñanza / _cdir. Ismael Rodríguez Bou. |
| 260 |
_aMéxico : _bSEP, Dirección General de Alfabetización y Educación Extraescolar, _c1965. |
||
| 300 | _a88 p. | ||
| 440 | 0 |
_aDocumentos de estudio ; _v3 |
|
| 650 | 4 |
_aEducación de adultos _9956 |
|
| 700 | 1 |
_aRodríguez Bou, Ismael, _edir. |
|
| 905 | _aLibro | ||
| 999 |
_c98700 _d98700 |
||